Calculus (3rd edition) (Record no. 79105)
[ view plain ]
| 000 -LEADER | |
|---|---|
| fixed length control field | 00920nam a2200229 a 4500 |
| 008 - FIXED-LENGTH DATA ELEMENTS--GENERAL INFORMATION | |
| fixed length control field | 190514s2017 ||||||||||||||||| || u |
| 020 ## - INTERNATIONAL STANDARD BOOK NUMBER | |
| International Standard Book Number | 9780980232752 |
| 050 ## - LIBRARY OF CONGRESS CALL NUMBER | |
| Classification number | QA 303 Stra |
| 100 ## - MAIN ENTRY--PERSONAL NAME | |
| Personal name | Strang, Gilbert |
| 245 10 - TITLE STATEMENT | |
| Title | Calculus (3rd edition) |
| Statement of responsibility, etc. | Gilbert Strang |
| 250 ## - EDITION STATEMENT | |
| Edition statement | 3rd edition |
| 260 ## - PUBLICATION, DISTRIBUTION, ETC. | |
| Place of publication, distribution, etc. | Wellesley |
| Name of publisher, distributor, etc. | Wellesley-Cambridge Press |
| Date of publication, distribution, etc. | 2017 |
| 300 ## - PHYSICAL DESCRIPTION | |
| Extent | xi, 682 pages : illustrations |
| 338 ## - | |
| -- | volume |
| -- | rdacarrier |
| 650 #0 - SUBJECT ADDED ENTRY--TOPICAL TERM | |
| Topical term or geographic name entry element | CALCULUS |
| 995 ## - | |
| -- | MAIN LIBRARY OPEN ACCESS |
| -- | 749084 |
| -- | CBU-MAIN LIBRARY (Kitwe) |
| -- | 75.00 |
| -- | QA 303 Stra |
| -- | 1 |
| -- | AVAILABLE |
| -- | May 14, 2019 |
| -- | 749084 |
| -- | Main Library Open Access Collection |
| 995 ## - | |
| -- | MAIN LIBRARY OPEN ACCESS |
| -- | 749085 |
| -- | CBU-MAIN LIBRARY (Kitwe) |
| -- | 75.00 |
| -- | QA 303 Stra |
| -- | 2 |
| -- | AVAILABLE |
| -- | May 14, 2019 |
| -- | 749085 |
| -- | Main Library Open Access Collection |
| 999 ## - | |
| -- | 79105 |
| -- | 79105 |
No items available.